000
00230nam a22000857a 4500
008
160716b xxu||||| |||| 00| 0 eng d
100
_9
2952
_b
Dickens, C
245
_a
A Tale of Two Cities
260
_a
New Delhi
_b
Orient Publication
_c
2001
999
_c
2516
_d
2516